World Transit by Cities - Statistics

General Stats
  • This quiz has been taken 17 times
  • The average score is 16 of 29
Answer Stats
Hint Answer % Correct
Staten Island Railway(NY to Staten Island) Newyork City
94%
PATH(NJ to Manhattan) Newyork City
94%
Baltimore Metro SubwayLink Baltimore
88%
Chicago "L" Chicago
88%
New York City subway Newyork City
88%
SPTA (Southeastern Pennsylvania Transportation Authority) Philadelphia
88%
Macau Light Rapid Transit Macau
81%
BART(Bay Area Rapid Transportation) San Francisco/Oakland
81%
London underground / Tube Transportation London
75%
Manila Light Rail & Metro Rail Transit System Manila
75%
MBTA Subway Boston
69%
Vienna u-bahn Vienna
69%
MARTA Atlanta
63%
Berlin U-Bahn Berlin
63%
PATCO Speedline ( Port Authority Transit Corporation (PATCO) Speedline-PA -NJ) Philadelphia
63%
Buenos Aires Underground Buenos Aires
56%
Toei Subway Tokyo
50%
Tren Urbano San Juan
44%
Metrorail Miami
38%
SkyTrain Vancouver
38%
Bursaray Bursa
31%
RTA Rapid Transit: Red Line Cleveland
31%
Metro Rail Los Angeles
31%
Mass Rapid Transit Singapore
31%
BTS Skytrain Bangkok
25%
The Mass Transit Railway Hongkong
25%
Metropolitan Rapid Transit Bangkok
13%
Rapid KL Kuala Lampur
13%
Tren Eléctrico Urbano Guadalajara
6%
No matching quizzes found
Score Distribution
Percent of People with Each Score
Percentile by Number Answered
Your Score History
You have not taken this quiz